<?xml version="1.0" encoding="UTF-8"?>
<collection xmlns="http://www.loc.gov/MARC21/slim">
 <record>
  <leader>00471pamaa2200157   4500</leader>
  <controlfield tag="001">0000019200</controlfield>
  <controlfield tag="005">20070130090000.0</controlfield>
  <datafield tag="020" ind1="0" ind2="0">
   <subfield code="a">1576600009 </subfield>
  </datafield>
  <datafield tag="090" ind1="0" ind2="0">
   <subfield code="a">HG4930 </subfield>
   <subfield code="b">ROW 1996</subfield>
  </datafield>
  <datafield tag="100" ind1="1" ind2="0">
   <subfield code="a">ROWLAND </subfield>
  </datafield>
  <datafield tag="245" ind1="1" ind2="2">
   <subfield code="a">A commonsense guide to mutual funds  </subfield>
   <subfield code="c">Mary Rowland.</subfield>
  </datafield>
  <datafield tag="260" ind1="0" ind2="0">
   <subfield code="a">Princeton: </subfield>
   <subfield code="b">Bloomberg Press, </subfield>
   <subfield code="c">1996.</subfield>
  </datafield>
  <datafield tag="300" ind1=" " ind2=" ">
   <subfield code="a">227p.: </subfield>
   <subfield code="b">21cm.</subfield>
  </datafield>
  <datafield tag="440" ind1="0" ind2="0">
   <subfield code="a">Bloomberg personal bookshelf</subfield>
  </datafield>
  <datafield tag="650" ind1="0" ind2="0">
   <subfield code="a">Mutual funds -- </subfield>
   <subfield code="x">Handbooks, manuals, etc -- </subfield>
   <subfield code="z">United States </subfield>
  </datafield>
  <datafield tag="740" ind1="0" ind2="0">
   <subfield code="a">Mutual funds</subfield>
  </datafield>
 </record>
</collection>
